SCOR report

Detalles Bibliográficos
Formato: Electrónico Revista
Lenguaje:inglés
Publicado: Dallas, Tex. : Stewart-Gordon Associates, ©1994-
Materias:
Acceso en línea:Full text available from Research Library: 12/01/2001 to 10/31/2002

MARC

LEADER 00000nas a22000007a 4500
001 ssj0006920
003 WaSeSS
005 20200512172242.0
006 m d
007 cr n
008 940209c19949999txumr p s 0 a0eng c
010 |a sn 94000019  
022 |l 1074-6498  |y 1074-6498 
035 |a (WaSeSS)ssj0006920 
037 |b Stewart-Gordon Associates, PO Box 781992, Dallas, TX 75378 
040 |a NSD  |b eng  |c NSD  |d UAB  |d OCLCQ  |d OCLCF  |d OCLCO  |d OCLCQ  |d RDF  |d WaSeSS 
042 |a nsdp  |a pcc 
043 |a n-us--- 
082 1 0 |a 332  |2 12 
210 0 |a SCOR rep. 
222 0 |a SCOR report 
245 0 0 |a SCOR report  |h [electronic resource]. 
246 3 0 |a Small corporate offering registration report 
260 |a Dallas, Tex. :  |b Stewart-Gordon Associates,  |c ©1994- 
310 |a Monthly 
362 0 |a Vol. 1, no. 1 (Jan. 15, 1994)- 
506 |a License restrictions may limit access. 
588 |a Description based on surrogate; title from caption. 
650 0 |a Small business  |z United States  |v Periodicals. 
650 7 |a Small business.  |2 fast  |0 (OCoLC)fst01121223 
651 7 |a United States.  |2 fast  |0 (OCoLC)fst01204155 
655 0 |a Electronic journals. 
856 4 0 |z Full text available from Research Library: 12/01/2001 to 10/31/2002  |u https://search.proquest.com/publication/26181